Catálogo público

Evaluación de métodos de recirculación de solución nutritiva para el cultivo de jitomate manejado en alta densidad de población / (Record no. 218464)

MARC details
000 -CABECERA
campo de control de longitud fija 01260nam a22002897a 4500
003 - IDENTIFICADOR DEL NÚMERO DE CONTROL
campo de control OSt
005 - FECHA Y HORA DE LA ÚLTIMA TRANSACCIÓN
campo de control 20230316105603.0
007 - CAMPO FIJO DE DESCRIPCIÓN FÍSICA--INFORMACIÓN GENERAL
campo de control de longitud fija cr ||||||a|c|a
008 - DATOS DE LONGITUD FIJA--INFORMACIÓN GENERAL
campo de control de longitud fija 230301s mx ao||fom||| 001 0 spa d
040 ## - FUENTE DE LA CATALOGACIÓN
Normas de descripción rda
100 1# - ENTRADA PRINCIPAL--NOMBRE DE PERSONA
9 (RLIN) 133582
Nombre de persona Cabañas Díaz, Alan
245 1# - MENCIÓN DE TÍTULO
Título Evaluación de métodos de recirculación de solución nutritiva para el cultivo de jitomate manejado en alta densidad de población /
Mención de responsabilidad, etc. Por Alan Cabañas Díaz; director de tesis Esaú del Carmen Moreno Pérez
264 #1 - PRODUCCIÓN, PUBLICACIÓN, DISTRIBUCIÓN, FABRICACIÓN Y COPYRIGHT
Producción, publicación, distribución, fabricación y copyright Chapingo, México :
Nombre del de productor, editor, distribuidor, fabricante El autor,
Fecha de producción, publicación, distribución, fabricación o copyright 2020.
300 ## - DESCRIPCIÓN FÍSICA
Extensión 1 recurso en línea (91 páginas).
336 ## - TIPO DE CONTENIDO
Fuente rdacontent
Término de tipo de contenido texto
Código de tipo de contenido txt
337 ## - TIPO DE MEDIO
Fuente rdamedia
Nombre/término del tipo de medio computadora
Código del tipo de medio c
338 ## - TIPO DE SOPORTE
Fuente rdacarrier
Nombre/término del tipo de soporte recurso en línea
Código del tipo de soporte cr
502 ## - NOTA DE TESIS
Tipo de título Maestría en Ciencias en Horticultura
Nombre de la institución que otorga el título Departamento de Enseñanza, Investigación y Servicio en Fitotecnia,
Año de obtención del título 2020
Información miscelánea Maestría
504 ## - NOTA DE BIBLIOGRAFÍA, ETC.
Nota de bibliografía, etc. Incluye referencias bibliográficas: páginas 70 y 76
650 #2 - PUNTO DE ACCESO ADICIONAL DE MATERIA--TÉRMINO DE MATERIA
9 (RLIN) 113767
Término de materia o nombre geográfico como elemento de entrada Tomate
Subdivisión general Sistemas de Producción
650 #2 - PUNTO DE ACCESO ADICIONAL DE MATERIA--TÉRMINO DE MATERIA
9 (RLIN) 113701
Término de materia o nombre geográfico como elemento de entrada Tomate
Subdivisión general Costos de producción
650 #2 - PUNTO DE ACCESO ADICIONAL DE MATERIA--TÉRMINO DE MATERIA
9 (RLIN) 130911
Término de materia o nombre geográfico como elemento de entrada Soluciones nutritivas
Subdivisión general Aplicación
650 #2 - PUNTO DE ACCESO ADICIONAL DE MATERIA--TÉRMINO DE MATERIA
9 (RLIN) 113702
Término de materia o nombre geográfico como elemento de entrada Tomate
Subdivisión general Crecimiento
700 1# - PUNTO DE ACCESO ADICIONAL--NOMBRE DE PERSONA
9 (RLIN) 78678
Nombre de persona Moreno Pérez, Esau del Carmen
Término indicativo de función/relación Director de tesis
856 ## - LOCALIZACIÓN Y ACCESO ELECTRÓNICOS
Identificador Uniforme del Recurso http://10.13.5.2/tesis/tm/2020_FI_Cabanas_Diaz_Alan.pdf
Nota pública DESCARGAR PDF
942 ## - ELEMENTOS DE PUNTO DE ACCESO ADICIONAL (KOHA)
Fuente del sistema de clasificación o colocación Clasificación Universidad Autónoma Chapingo
Tipo de ítem Koha Tesis digital
Holdings
Estado de retiro Estado de pérdida Fuente del sistema de clasificación o colocación Estado dañado Restricciones de uso No para préstamo Código de colección Localización permanente Ubicación/localización actual Ubicación en estantería Fecha de adquisición Total de préstamos Signatura topográfica completa Fecha visto por última vez Precio válido a partir de Tipo de ítem Koha
    Clasificación Universidad Autónoma de Chapingo   Préstamo interno   Tesis digitales de Maestría Biblioteca Digital Biblioteca Digital En línea 01/03/2023   Tesis digital 01/03/2023 01/03/2023 Tesis digital